| 000 | 00645nam a22002177a 4500 | ||
|---|---|---|---|
| 003 | 0 | ||
| 005 | 20240923144450.0 | ||
| 008 | 240923b xxu||||| |||| 00| 0 eng d | ||
| 020 | _a978-81-19920-29-7 | ||
| 050 |
_aTK 7887 _b.C65 2024 |
||
| 100 | _aCole, Luna | ||
| 245 |
_aOperating systems lab _cLuna Cole |
||
| 250 | _aFirst edition | ||
| 260 |
_aNew Delhi, India _bVenus Books _cc2024 |
||
| 300 |
_aix, 288 pages : _billustrations and pictures ; _c24cm. |
||
| 504 | _aIncludes bibliographical references and index. | ||
| 650 | _aOperating system. | ||
| 650 | _aComputer program. | ||
| 650 | _aSoftware testing. | ||
| 942 |
_2lcc _cBK |
||
| 999 |
_c366356 _d366356 |
||